Dry grain farming families / (Record no. 10524)
[ view plain ]
| 000 -LEADER | |
|---|---|
| fixed length control field | 00382cam a2200145ua 4500 |
| 041 ## - LANGUAGE CODE | |
| Language code of text/sound track or separate title | eng |
| 082 ## - DEWEY DECIMAL CLASSIFICATION NUMBER | |
| Classification number | 631.586 |
| Item number | HIL/DR |
| 100 ## - MAIN ENTRY--AUTHOR NAME | |
| Personal name | Hill, Polly . |
| 245 ## - TITLE STATEMENT | |
| Title | Dry grain farming families / |
| 260 ## - PUBLICATION, DISTRIBUTION, ETC. (IMPRINT) | |
| Place of publication | Cambridge : |
| Name of publisher | Cambridge University Press , |
| Year of publication | 1982. |
| 300 ## - PHYSICAL DESCRIPTION | |
| Number of Pages | 322 : |
| Other physical details | 506 ; . |
| 942 ## - ADDED ENTRY ELEMENTS (KOHA) | |
| Koha item type | Books |
| Withdrawn status | Lost status | Damaged status | Home library | Current library | Date acquired | Full call number | Accession Number | Koha item type |
|---|---|---|---|---|---|---|---|---|
| KAUAET | KAUAET | 26/03/1987 | 631.586 | 16136 | Books |
